[Event "GRE-chT 50th"]
[Site "Nikaia"]
[Date "2023.08.26"]
[Round "2.8"]
[White "Antonioudakis, Georgios"]
[Black "Papaioannou, Dimitrios1111"]
[Result "1-0"]
[WhiteElo "1917"]
[BlackElo "2055"]
[PlyCount "137"]
[EventDate "2023.08.25"]
[EventType "team"]
[EventRounds "9"]
[EventCountry "GRE"]
[SourceTitle "EXT 2024"]
[Source "ChessBase"]
[SourceDate "2023.10.10"]
[SourceVersion "1"]
[SourceVersionDate "2023.10.10"]
[SourceQuality "1"]
[WhiteTeam "Neapolis Sykeon"]
[BlackTeam "Phisiolatris"]
[WhiteTeamCountry "GRE"]
[BlackTeamCountry "GRE"]

1. e4 c5 2. Nf3 Nc6 3. Bb5 g6 4. Bxc6 bxc6 5. 0-0 Bg7 6. c3 Nh6 7. d4 cxd4 8. cxd4 0-0 9. Re1 d5 10. e5 f6 11. exf6 exf6 12. h3 Nf7 13. Nc3 Nd6 14. b3 Ne4 15. Nxe4 dxe4 16. Rxe4 Bf5 17. Re1 Qd5 18. Qe2 Rfe8 19. Qxe8+ Rxe8 20. Re3 Re6 21. Rxe6 Kf7 22. Re3 Bf8 23. Bb2 Bb4 24. Rc1 g5 25. Rc4 Bd6 26. Ra4 Bb8 27. Rb4 Bf4 28. Rb7+ Kg6 29. Ree7 Bxh3 30. Ne1 Be6 31. Nd3 Qe4 32. Nxf4+ gxf4 33. Bc3 Qb1+ 34. Kh2 Bd5 35. Be1 h5 36. Rxa7 Qd3 37. Rh7 f3 38. Rag7+ Kf5 39. Rxh5+ Ke6 40. gxf3 Qxf3 41. Rhh7 Qh1+ 42. Kg3 Qg2+ 43. Kh4 Qh2+ 44. Kg4 f5+ 45. Kg5 Qg2+ 46. Kh4 Qe4+ 47. Kh3 Kf6 48. Rg1 Qf3+ 49. Kh2 f4 50. Rh3 Qe2 51. a4 Kf5 52. Rh8 Qa2 53. Re8 Qxb3 54. a5 Qa3 55. Re5+ Kf6 56. Re8 Qd3 57. Rf8+ Bf7 58. Rh8 Qxd4 59. Rh3 Kf5 60. a6 Qa7 61. Rh7 Ke4 62. Rgg7 Qxa6 63. Rxf7 Qf1 64. Re7+ Kf3 65. Rh3+ Kg4 66. Rc3 f3 67. Rg7+ Kh4 68. Rxf3 c5 69. Bc3 1-0

[Event "Paleochora op 16th"]
[Site "Paleochora"]
[Date "2023.07.20"]
[Round "2"]
[White "Sanket, Chakravarty"]
[Black "Antonioudakis, Georgios"]
[Result "1/2-1/2"]
[WhiteElo "2411"]
[BlackElo "2033"]
[PlyCount "85"]
[EventDate "2023.07.19"]
[EventType "swiss"]
[EventRounds "9"]
[EventCountry "GRE"]
[SourceTitle "EXT 2024"]
[Source "ChessBase"]
[SourceDate "2023.10.10"]
[SourceVersion "1"]
[SourceVersionDate "2023.10.10"]
[SourceQuality "1"]

1. c4 e6 2. Nf3 Nf6 3. e3 d5 4. Nc3 b6 5. b3 Bb7 6. Bb2 a6 7. Qc2 Bd6 8. Be2 0-0 9. g4 c5 10. g5 Nfd7 11. Rg1 Nc6 12. cxd5 Nb4 13. Qb1 Nxd5 14. Ne4 Be7 15. h4 Qc7 16. Ng3 Bd6 17. Nh5 g6 18. Nf6+ N5xf6 19. gxf6 e5 20. Qf5 Qd8 21. Nxe5 Nxe5 22. Bxe5 Bxe5 23. Qxe5 Re8 24. Qc3 Re6 25. h5 Qxf6 26. hxg6 hxg6 27. 0-0-0 b5 28. Qxf6 Rxf6 29. f4 c4 30. bxc4 bxc4 31. Kb2 Rc8 32. Kc3 Be4 33. Rg5 Bf5 34. Bg4 Bxg4 35. Rxg4 Rd6 36. f5 Rd3+ 37. Kc2 Rc6 38. Rb1 Ra3 39. Rb8+ Kg7 40. Kb2 Rd3 41. Kc2 Ra3 42. Kb2 Rd3 43. Kc2 1/2-1/2

[Event "GRE-ch U16"]
[Site "Peristeri"]
[Date "2023.07.08"]
[Round "8"]
[White "Antonioudakis, Georgios"]
[Black "Papadopoulos, Filippos"]
[Result "1/2-1/2"]
[WhiteElo "2033"]
[BlackElo "1828"]
[PlyCount "41"]
[EventDate "2023.07.03"]
[EventType "swiss"]
[EventRounds "9"]
[EventCountry "GRE"]
[SourceTitle "EXT 2024"]
[Source "ChessBase"]
[SourceDate "2023.10.10"]
[SourceVersion "1"]
[SourceVersionDate "2023.10.10"]
[SourceQuality "1"]

1. e4 c5 2. Nf3 d6 3. d4 cxd4 4. Nxd4 Nf6 5. Nc3 a6 6. h3 g6 7. g4 Nc6 8. Be3 Nxd4 9. Qxd4 Bg7 10. Bg2 0-0 11. Qd2 Qa5 12. 0-0 Kh8 13. g5 Nd7 14. Nd5 Qxd2 15. Bxd2 e6 16. Nc7 Ra7 17. Bb4 Nc5 18. Ba5 Nd7 19. Bb4 Nc5 20. Ba5 Nd7 21. Bb4 1/2-1/2

[Event "GRE-ch U16"]
[Site "Peristeri"]
[Date "2023.07.07"]
[Round "7"]
[White "Tzortzatos, Dimosthenis Panagio"]
[Black "Antonioudakis, Georgios"]
[Result "1-0"]
[WhiteElo "1832"]
[BlackElo "2033"]
[PlyCount "93"]
[EventDate "2023.07.03"]
[EventType "swiss"]
[EventRounds "9"]
[EventCountry "GRE"]
[SourceTitle "EXT 2024"]
[Source "ChessBase"]
[SourceDate "2023.10.10"]
[SourceVersion "1"]
[SourceVersionDate "2023.10.10"]
[SourceQuality "1"]

1. e4 c5 2. Nf3 Nc6 3. d4 cxd4 4. Nxd4 e5 5. Nb5 d6 6. N1c3 a6 7. Na3 Be6 8. Nc4 Rb8 9. a4 Be7 10. Ne3 Nf6 11. Bd3 0-0 12. 0-0 Nb4 13. Be2 d5 14. exd5 Nbxd5 15. Ncxd5 Nxd5 16. Bf3 Nb4 17. c3 Nd3 18. Be4 Nf4 19. Nf5 Bc5 20. Bxf4 exf4 21. Nd4 Bxd4 22. Qxd4 Qg5 23. Bf3 Rfd8 24. Qb4 Rd3 25. Qe4 Bf5 26. Qe2 h6 27. Rad1 Qg6 28. Qe5 Rbd8 29. Qxf4 Rxd1 30. Rxd1 Rxd1+ 31. Bxd1 Be4 32. Qg3 Qb6 33. b4 Qd8 34. Bf3 Bc6 35. h3 Bxa4 36. Bxb7 Bb5 37. Qe3 Qd7 38. Bf3 Qc7 39. Qd4 Qc8 40. Bd5 Qf5 41. Qe4 Qxe4 42. Bxe4 Bc4 43. f4 Kf8 44. Kf2 Ke7 45. Ke3 Kd6 46. Kd4 Be6 47. Bb7 1-0

[Event "GRE-ch U16"]
[Site "Peristeri"]
[Date "2023.07.04"]
[Round "2"]
[White "Antonioudakis, Georgios"]
[Black "Lekkas, Anastasios"]
[Result "1-0"]
[WhiteElo "2033"]
[BlackElo "1768"]
[PlyCount "73"]
[EventDate "2023.07.03"]
[EventType "swiss"]
[EventRounds "9"]
[EventCountry "GRE"]
[SourceTitle "EXT 2024"]
[Source "ChessBase"]
[SourceDate "2023.10.10"]
[SourceVersion "1"]
[SourceVersionDate "2023.10.10"]
[SourceQuality "1"]

1. e4 c5 2. Nf3 d6 3. d4 cxd4 4. Nxd4 Nf6 5. Nc3 a6 6. Bc4 e6 7. 0-0 b5 8. Bb3 Be7 9. Be3 0-0 10. f4 Qc7 11. f5 b4 12. Na4 e5 13. Ne2 Nbd7 14. Ng3 Bb7 15. c3 Nxe4 16. cxb4 Nxg3 17. hxg3 Qc6 18. Rf2 Qe4 19. Qd2 Nf6 20. Bd1 Ng4 21. Bxg4 Qxg4 22. Nb6 Rad8 23. Rc1 d5 24. Bc5 Bg5 25. Be3 Bxe3 26. Qxe3 Qxb4 27. f6 gxf6 28. Rxf6 Rd6 29. a3 Qxb6 30. Qxb6 Rxb6 31. Rxb6 Ba8 32. Rxa6 d4 33. Rd6 Be4 34. Re1 f5 35. g4 Re8 36. gxf5 Bxf5 37. Rxd4 1-0

[Event "GRE-ch U16"]
[Site "Peristeri"]
[Date "2023.07.03"]
[Round "1"]
[White "Koutras, Konstantinos"]
[Black "Antonioudakis, Georgios"]
[Result "0-1"]
[WhiteElo "1692"]
[BlackElo "2033"]
[PlyCount "74"]
[EventDate "2023.07.03"]
[EventType "swiss"]
[EventRounds "9"]
[EventCountry "GRE"]
[SourceTitle "EXT 2024"]
[Source "ChessBase"]
[SourceDate "2023.10.10"]
[SourceVersion "1"]
[SourceVersionDate "2023.10.10"]
[SourceQuality "1"]

1. e4 c5 2. Nf3 e6 3. d4 cxd4 4. Nxd4 Nf6 5. Nc3 Nc6 6. Nxc6 bxc6 7. e5 Nd5 8. Ne4 Qc7 9. f4 Rb8 10. c4 Bb4+ 11. Ke2 0-0 12. cxd5 cxd5 13. Nf2 f6 14. exf6 Rxf6 15. Be3 Ba6+ 16. Kf3 Bb7 17. Ng4 d4+ 18. Kg3 dxe3 19. Nxf6+ gxf6 20. Rc1 Bc6 21. Bd3 Kh8 22. Be4 Rg8+ 23. Kf3 Bxe4+ 24. Kxe4 Qb7+ 25. Kxe3 Rxg2 26. Qd4 Bd2+ 27. Kd3 Qb5+ 28. Rc4 Qf5+ 29. Qe4 Qh3+ 30. Kd4 e5+ 31. Kc5 Be3+ 32. Kd6 Qe6+ 33. Kc7 Qb6+ 34. Kxd7 Rg7+ 35. Kc8 Rg8+ 36. Kd7 Rd8+ 37. Ke7 Qd6+ 0-1

[Event "GRE-ch U20"]
[Site "Trikala"]
[Date "2023.04.22"]
[Round "7"]
[White "Antonioudakis, Georgios"]
[Black "Papaoulakis, Isidoros"]
[Result "1-0"]
[WhiteElo "2011"]
[BlackElo "1840"]
[PlyCount "113"]
[EventDate "2023.04.18"]
[EventType "swiss"]
[EventRounds "9"]
[EventCountry "GRE"]
[SourceTitle "EXT 2024"]
[Source "ChessBase"]
[SourceDate "2023.10.10"]
[SourceVersion "1"]
[SourceVersionDate "2023.10.10"]
[SourceQuality "1"]

1. e4 c6 2. d4 d5 3. e5 Bf5 4. h4 h5 5. Bd3 Bxd3 6. Qxd3 e6 7. Nf3 Qa5+ 8. Nbd2 Nh6 9. 0-0 Nf5 10. Nb3 Qa6 11. Qd1 Nd7 12. Bf4 Be7 13. g3 b6 14. a4 c5 15. c3 Qb7 16. Qe2 a6 17. Bg5 c4 18. Nbd2 b5 19. Rfc1 bxa4 20. Rxa4 Qxb2 21. Qd1 Qb6 22. Rb1 Qc6 23. Bxe7 Kxe7 24. Rba1 Qb6 25. Rb4 Qc6 26. Rba4 Ra7 27. Kh2 g6 28. Nf1 Rha8 29. Qc1 Qc8 30. Ne3 Nxe3 31. Qa3+ Ke8 32. fxe3 a5 33. Qc1 Nb8 34. Ng5 Nc6 35. Qf1 Qd7 36. Qc1 Qc8 37. Qf1 Qd7 38. e4 Rb8 39. R4a2 Rab7 40. Qf2 a4 41. exd5 Qxd5 42. Re1 a3 43. Rxa3 Rb2 44. Re2 Rb1 45. Qxf7+ Kd8 46. Nxe6+ Qxe6 47. Qxe6 g5 48. Qd6+ Kc8 49. Qxc6+ Kd8 50. e6 R1b7 51. e7+ Rxe7 52. Qd6+ Kc8 53. Qxe7 gxh4 54. Qe8+ Kc7 55. Ra7+ Rb7 56. Rxb7+ Kd6 57. Qd7# 1-0

[Event "GRE-ch U20"]
[Site "Trikala"]
[Date "2023.04.21"]
[Round "5"]
[White "Antonioudakis, Georgios"]
[Black "Karamichos, Michail"]
[Result "0-1"]
[WhiteElo "2011"]
[BlackElo "1887"]
[PlyCount "94"]
[EventDate "2023.04.18"]
[EventType "swiss"]
[EventRounds "9"]
[EventCountry "GRE"]
[SourceTitle "EXT 2024"]
[Source "ChessBase"]
[SourceDate "2023.10.10"]
[SourceVersion "1"]
[SourceVersionDate "2023.10.10"]
[SourceQuality "1"]

1. e4 e5 2. Nf3 Nc6 3. Bb5 a6 4. Ba4 Nf6 5. 0-0 b5 6. Bb3 Bc5 7. c3 d6 8. d4 Bb6 9. h3 0-0 10. Be3 h6 11. Nbd2 Re8 12. Re1 Rb8 13. a3 Na5 14. Bc2 exd4 15. cxd4 Bb7 16. Bf4 Nc6 17. Nb3 Ne7 18. d5 Ng6 19. Bg3 Nh5 20. Bh2 Qf6 21. Nfd4 Nhf4 22. Nf5 c6 23. Qd2 Qg5 24. Bg3 cxd5 25. h4 Qf6 26. Bxf4 dxe4 27. Be3 Bc7 28. Nbd4 d5 29. h5 Ne5 30. Rac1 Bc8 31. Ng3 Nc4 32. Qe2 Nxe3 33. Qxe3 Bf4 34. Qc3 Bxc1 35. Rxc1 Bd7 36. Qe3 Rbc8 37. Rd1 Qe5 38. Bb3 Red8 39. Nde2 Bg4 40. f3 Be6 41. f4 Qxb2 42. f5 d4 43. Nxd4 Bxb3 44. Rd2 Qc3 45. Qxc3 Rxc3 46. Nxb3 Rxd2 47. Nxd2 Rxg3 0-1

[Event "GRE-ch U20"]
[Site "Trikala"]
[Date "2023.04.19"]
[Round "3"]
[White "Antonioudakis, Georgios"]
[Black "Georgiadis, Athanasios Kat"]
[Result "1/2-1/2"]
[WhiteElo "2011"]
[BlackElo "1764"]
[PlyCount "69"]
[EventDate "2023.04.18"]
[EventType "swiss"]
[EventRounds "9"]
[EventCountry "GRE"]
[SourceTitle "EXT 2024"]
[Source "ChessBase"]
[SourceDate "2023.10.10"]
[SourceVersion "1"]
[SourceVersionDate "2023.10.10"]
[SourceQuality "1"]

1. e4 e6 2. d4 d5 3. Nc3 Bb4 4. exd5 exd5 5. Bd3 Nf6 6. a3 Bxc3+ 7. bxc3 0-0 8. Ne2 h6 9. 0-0 Nbd7 10. Ng3 c5 11. Bf4 c4 12. Bf5 Re8 13. Qf3 Nf8 14. Be5 Bxf5 15. Nxf5 N8d7 16. Qg3 Nh5 17. Nxh6+ Kh7 18. Qh3 Kxh6 19. g4 Kh7 20. Qxh5+ Kg8 21. Rae1 Nxe5 22. dxe5 d4 23. cxd4 g6 24. Qh3 Qxd4 25. Qg3 Re6 26. Re3 Rae8 27. Rfe1 g5 28. h4 gxh4 29. Qxh4 Rxe5 30. Rxe5 Rxe5 31. Rxe5 Qxe5 32. Qd8+ Kg7 33. Qd2 Qe4 34. f3 Qxf3 35. Qg5+ 1/2-1/2

[Event "GRE-ch U20"]
[Site "Trikala"]
[Date "2023.04.19"]
[Round "2"]
[White "Papadopoulos, Filippos"]
[Black "Antonioudakis, Georgios"]
[Result "0-1"]
[WhiteElo "1717"]
[BlackElo "2011"]
[PlyCount "98"]
[EventDate "2023.04.18"]
[EventType "swiss"]
[EventRounds "9"]
[EventCountry "GRE"]
[SourceTitle "EXT 2024"]
[Source "ChessBase"]
[SourceDate "2023.10.10"]
[SourceVersion "1"]
[SourceVersionDate "2023.10.10"]
[SourceQuality "1"]

1. e4 c5 2. Nf3 d6 3. d4 cxd4 4. Nxd4 Nf6 5. Nc3 a6 6. Rg1 b5 7. a4 b4 8. Nd5 Nxd5 9. exd5 Bb7 10. Bc4 Qc7 11. Bb3 g6 12. Bd2 Bg7 13. Bxb4 Nd7 14. Bc3 0-0 15. Ne2 Nc5 16. Bxg7 Kxg7 17. Qd4+ Kg8 18. Ba2 Rab8 19. Nc3 Rfc8 20. g4 Ba8 21. Rb1 Nd7 22. Rg3 a5 23. Qd2 Rb4 24. Bb3 Ne5 25. Nb5 Qc5 26. Rc3 Qxc3 27. Qxc3 Rxc3 28. bxc3 Rxg4 29. Ke2 Re4+ 30. Kd2 Nc4+ 31. Bxc4 Rxc4 32. Nc7 Rxc7 33. Rb8+ Kg7 34. Rxa8 Rc5 35. c4 Rxc4 36. Rxa5 Rh4 37. Ra8 Rxh2 38. Ke3 h5 39. a5 Rh4 40. a6 Ra4 41. f4 Ra3+ 42. Kf2 Ra2 43. a7 Rxc2+ 44. Kf3 Ra2 45. f5 g5 46. Kg3 Ra3+ 47. Kg2 h4 48. Kh2 g4 49. f6+ exf6 0-1

[Event "GRE-ch U20"]
[Site "Trikala"]
[Date "2023.04.18"]
[Round "1"]
[White "Antonioudakis, Georgios"]
[Black "Kountrias, Kosmas Ioannis"]
[Result "1-0"]
[WhiteElo "2011"]
[BlackElo "1417"]
[PlyCount "75"]
[EventDate "2023.04.18"]
[EventType "swiss"]
[EventRounds "9"]
[EventCountry "GRE"]
[SourceTitle "EXT 2024"]
[Source "ChessBase"]
[SourceDate "2023.10.10"]
[SourceVersion "1"]
[SourceVersionDate "2023.10.10"]
[SourceQuality "1"]

1. e4 c5 2. Nf3 e6 3. d4 cxd4 4. Nxd4 Nf6 5. Nc3 Nc6 6. Ndb5 Bb4 7. a3 Bxc3+ 8. Nxc3 0-0 9. Be2 a6 10. 0-0 b5 11. Bg5 h6 12. Bh4 Ne5 13. Bg3 Nc4 14. b3 Nb6 15. Bd6 Re8 16. e5 Nfd5 17. Nxd5 Nxd5 18. Bf3 Bb7 19. c4 bxc4 20. bxc4 Nc3 21. Qd3 Bxf3 22. Qxf3 Na4 23. Rab1 Rc8 24. Rb4 Qa5 25. c5 Nxc5 26. Rf4 Qb5 27. Qh5 Nd3 28. Rxf7 Kh8 29. h3 Nc1 30. Re1 Nd3 31. Re3 Rc1+ 32. Kh2 Qb1 33. Rxg7 Rh1+ 34. Kg3 Kxg7 35. Qxe8 Qg1 36. Bf8+ Kh8 37. Be7+ Kg7 38. Bf6+ 1-0

[Event "EU-ch 23rd"]
[Site "Vrnjacka Banja"]
[Date "2023.03.13"]
[Round "11"]
[White "Kienboeck, Benjamin"]
[Black "Antonioudakis, Georgios"]
[Result "1/2-1/2"]
[WhiteElo "2066"]
[BlackElo "1953"]
[PlyCount "120"]
[EventDate "2023.03.03"]
[EventType "swiss"]
[EventRounds "11"]
[EventCountry "SRB"]
[SourceTitle "CBM 213"]
[Source "ChessBase"]
[SourceDate "2023.04.30"]
[SourceVersion "1"]
[SourceVersionDate "2023.04.30"]
[SourceQuality "1"]

1. e4 c5 2. Nf3 d6 3. d4 cxd4 4. Nxd4 Nf6 5. Nc3 a6 6. h3 Nc6 7. g4 g6 8. Bg2 Nxd4 9. Qxd4 Bg7 10. Be3 0-0 11. Qd2 Qa5 12. 0-0 Rd8 13. f4 Be6 14. Qf2 Nd7 15. f5 Bc4 16. fxg6 fxg6 17. Nd5 Bxd5 18. exd5 Rf8 19. Qh4 Bf6 20. Bg5 Bxb2 21. Rae1 Bd4+ 22. Be3 Rxf1+ 23. Bxf1 Ne5 24. Qxe7 Qxe1 25. Qe6+ Nf7 26. Bxd4 Qxe6 27. dxe6 Ne5 28. Bg2 Nc6 29. Bf6 Kf8 30. c3 Rb8 31. Kf2 Ne7 32. h4 b5 33. a3 a5 34. h5 b4 35. hxg6 Nxg6 36. cxb4 axb4 37. axb4 Rxb4 38. Kg3 Rb3+ 39. Kf2 Ne5 40. Ke2 Rg3 41. Be4 Rxg4 42. Bxh7 Rg2+ 43. Kd1 Rh2 44. Bc2 Rh6 45. Bxe5 dxe5 46. Bb3 Rh2 47. Ke1 Ke7 48. Kd1 Kd6 49. Ke1 Rb2 50. Bc4 e4 51. Kd1 e3 52. Ke1 Rb4 53. Bd3 Rb2 54. Bc4 Rb7 55. Ke2 Kc5 56. Ba6 Re7 57. Bc8 Kd4 58. Bd7 Rh7 59. Ke1 Rh1+ 60. Ke2 Rh2+ 1/2-1/2

[Event "EU-ch 23rd"]
[Site "Vrnjacka Banja"]
[Date "2023.03.06"]
[Round "4"]
[White "Levitan, Ronit"]
[Black "Antonioudakis, Georgios"]
[Result "1-0"]
[WhiteElo "2185"]
[BlackElo "1953"]
[PlyCount "107"]
[EventDate "2023.03.03"]
[EventType "swiss"]
[EventRounds "11"]
[EventCountry "SRB"]
[SourceTitle "CBM 213"]
[Source "ChessBase"]
[SourceDate "2023.04.30"]
[SourceVersion "1"]
[SourceVersionDate "2023.04.30"]
[SourceQuality "1"]

1. e4 c5 2. Nf3 d6 3. Bb5+ Nd7 4. a4 Ngf6 5. Nc3 g6 6. 0-0 Bg7 7. a5 0-0 8. d3 a6 9. Bc4 b5 10. axb6 Bb7 11. Bb3 Qxb6 12. Kh1 Rac8 13. Nd2 Ne5 14. f4 Nc6 15. Nd5 Nxd5 16. Bxd5 Nb4 17. Nc4 Qc7 18. Bxb7 Qxb7 19. c3 Nc6 20. f5 Ne5 21. f6 Bxf6 22. Nxd6 exd6 23. Rxf6 c4 24. Bh6 Rfe8 25. d4 Nd3 26. Qf3 Rcd8 27. Rf1 Qxe4 28. Qxe4 Rxe4 29. Rxf7 Re1 30. Rg7+ Kh8 31. Rxe1 Nxe1 32. Rb7 Nd3 33. h3 Kg8 34. Kh2 a5 35. Kg3 a4 36. Kg4 Re8 37. Kg5 Re2 38. Rg7+ Kf8 39. Rxh7+ Ke8 40. Kxg6 Rxg2+ 41. Kf6 Re2 42. Ra7 Nxb2 43. h4 d5 44. Bg5 Nd1 45. h5 Nxc3 46. h6 Ne4+ 47. Kg6 Nxg5 48. Kxg5 Rh2 49. h7 Kf8 50. Kg6 Rg2+ 51. Kf6 Rf2+ 52. Ke6 Rh2 53. Rf7+ Ke8 54. Rg7 1-0

[Event "EU-ch 23rd"]
[Site "Vrnjacka Banja"]
[Date "2023.03.03"]
[Round "1"]
[White "Tutisani, Noe"]
[Black "Antonioudakis, Georgios"]
[Result "1-0"]
[WhiteElo "2411"]
[BlackElo "1953"]
[PlyCount "73"]
[EventDate "2023.03.03"]
[EventType "swiss"]
[EventRounds "11"]
[EventCountry "SRB"]
[SourceTitle "CBM 213"]
[Source "ChessBase"]
[SourceDate "2023.04.30"]
[SourceVersion "1"]
[SourceVersionDate "2023.04.30"]
[SourceQuality "1"]

1. Nf3 Nf6 2. g3 e6 3. Bg2 d5 4. 0-0 Be7 5. c4 0-0 6. b3 b6 7. cxd5 exd5 8. d4 Bb7 9. Nc3 Re8 10. Bb2 Nbd7 11. Rc1 a6 12. e3 Bf8 13. Rc2 h6 14. Qa1 c5 15. dxc5 Nxc5 16. Rd1 Qd7 17. Ne2 Nce4 18. Nf4 Bc5 19. Bh3 Qe7 20. Nd4 g6 21. Nd3 Bc8 22. Bg2 Bd7 23. Nxc5 bxc5 24. Nf3 Ng4 25. Qc1 Bc6 26. Ba3 Ngxf2 27. Rxf2 Nxf2 28. Kxf2 d4 29. Bxc5 dxe3+ 30. Qxe3 Qf6 31. Bd4 Rxe3 32. Bxf6 Rae8 33. Rd2 R3e6 34. Bb2 g5 35. Bh3 R6e7 36. Bf6 Re4 37. Nd4 1-0

[Event "GRE-ch U18"]
[Site "Larisa"]
[Date "2023.01.07"]
[Round "8"]
[White "Antonioudakis, Georgios"]
[Black "Stoimenidis, Dimitrios"]
[Result "1-0"]
[WhiteElo "1904"]
[BlackElo "1942"]
[PlyCount "115"]
[EventDate "2023.01.02"]
[EventType "swiss"]
[EventRounds "9"]
[EventCountry "GRE"]
[SourceTitle "CBM 212 Extra"]
[Source "ChessBase"]
[SourceDate "2023.03.31"]
[SourceVersion "1"]
[SourceVersionDate "2023.03.31"]
[SourceQuality "1"]

1. e4 e5 2. Nf3 Nc6 3. Bb5 a6 4. Ba4 Nf6 5. 0-0 Be7 6. Re1 b5 7. Bb3 d6 8. c3 0-0 9. h3 Nb8 10. d4 Nbd7 11. Nbd2 Bb7 12. Bc2 Re8 13. Nf1 Bf8 14. Ng3 g6 15. a4 Bg7 16. Bg5 h6 17. Bd2 c5 18. d5 c4 19. Be3 Qc7 20. Nh2 Nc5 21. a5 Bc8 22. Ng4 h5 23. Nh2 Rb8 24. Nf3 b4 25. Qe2 Ncd7 26. Ra4 bxc3 27. bxc3 Rb2 28. Bc1 Rb5 29. Ba3 Nc5 30. Rxc4 Rxa5 31. Bb4 Ra2 32. Qd1 Bd7 33. Bb3 Rb2 34. Ba3 Rxb3 35. Qxb3 Bb5 36. Bxc5 dxc5 37. Ra4 Bxa4 38. Qxa4 Qb7 39. Ra1 Ra8 40. Ra3 Qd7 41. Qa5 Qb7 42. Nd2 Qb2 43. Ra2 Qc1+ 44. Ngf1 Bh6 45. Kh2 h4 46. Qxc5 Bxd2 47. Nxd2 Nxe4 48. Nxe4 Qf4+ 49. Ng3 hxg3+ 50. fxg3 Qf5 51. d6 Qe6 52. Rd2 Rd8 53. d7 e4 54. Rd6 Qf5 55. Qc7 Qg5 56. Rb6 e3 57. Rb8 e2 58. Qxd8+ 1-0

[Event "GRE-ch U18"]
[Site "Larisa"]
[Date "2023.01.05"]
[Round "5"]
[White "Antonioudakis, Georgios"]
[Black "Tsarsitalidis, Christos"]
[Result "1-0"]
[WhiteElo "1904"]
[BlackElo "2170"]
[PlyCount "45"]
[EventDate "2023.01.02"]
[EventType "swiss"]
[EventRounds "9"]
[EventCountry "GRE"]
[SourceTitle "CBM 212 Extra"]
[Source "ChessBase"]
[SourceDate "2023.03.31"]
[SourceVersion "1"]
[SourceVersionDate "2023.03.31"]
[SourceQuality "1"]

1. e4 c6 2. d4 d5 3. e5 Bf5 4. c4 e6 5. Nc3 Nd7 6. cxd5 cxd5 7. h4 h5 8. Bd3 Ne7 9. Nb5 Nc6 10. Bxf5 exf5 11. Nf3 Qa5+ 12. Nc3 Bb4 13. 0-0 Bxc3 14. bxc3 Qxc3 15. Rb1 0-0 16. Rxb7 Nb6 17. Ng5 g6 18. e6 fxe6 19. Nxe6 Rf6 20. Rg7+ Kh8 21. Rxg6 Rf7 22. Qxh5+ Rh7 23. Rh6 1-0

[Event "GRE-ch U14"]
[Site "Thessaloniki"]
[Date "2022.08.22"]
[Round "7"]
[White "Choullis, Agisilaos Georgios"]
[Black "Antonioudakis, Georgios"]
[Result "0-1"]
[WhiteElo "1227"]
[BlackElo "1859"]
[PlyCount "64"]
[EventDate "2022.08.18"]
[EventType "swiss"]
[EventRounds "9"]
[EventCountry "GRE"]
[SourceTitle "EXT 2023"]
[Source "ChessBase"]
[SourceDate "2022.10.05"]
[SourceVersion "1"]
[SourceVersionDate "2022.10.05"]
[SourceQuality "1"]

1. e4 c5 2. Nf3 d6 3. d4 cxd4 4. Nxd4 Nf6 5. Nc3 a6 6. g3 e5 7. Nde2 Be6 8. Bg2 Be7 9. 0-0 0-0 10. a4 Nbd7 11. Nd5 Bxd5 12. exd5 Rc8 13. Bh3 b5 14. axb5 axb5 15. Nc3 b4 16. Nb5 Rc5 17. Na7 Rxd5 18. Qe2 Nb8 19. Bg2 Ra5 20. Be3 d5 21. c3 Rxa1 22. Rxa1 h6 23. cxb4 Bxb4 24. Qb5 Be7 25. Rc1 Qd7 26. Qb6 Qe6 27. Qb7 Nbd7 28. Nc8 Re8 29. Bf1 Bf8 30. Bb5 Rd8 31. b4 Bxb4 32. Bxd7 Qxd7 0-1

[Event "GRE-ch U14"]
[Site "Thessaloniki"]
[Date "2022.08.19"]
[Round "3"]
[White "Antonioudakis, Georgios"]
[Black "Tagkaloglou, Savvas Stefanos"]
[Result "0-1"]
[WhiteElo "1859"]
[BlackElo "1764"]
[PlyCount "72"]
[EventDate "2022.08.18"]
[EventType "swiss"]
[EventRounds "9"]
[EventCountry "GRE"]
[SourceTitle "EXT 2023"]
[Source "ChessBase"]
[SourceDate "2022.10.05"]
[SourceVersion "1"]
[SourceVersionDate "2022.10.05"]
[SourceQuality "1"]

1. e4 Nf6 2. e5 Nd5 3. d4 d6 4. c4 Nb6 5. exd6 exd6 6. Nc3 Be7 7. Bd3 Nc6 8. Nge2 0-0 9. 0-0 Bf6 10. Be3 Nb4 11. b3 Nxd3 12. Qxd3 c6 13. Rac1 g6 14. Rfd1 d5 15. c5 Nd7 16. Bf4 Re8 17. Qg3 Nf8 18. Bc7 Qd7 19. Bd6 Qg4 20. Nf4 Qxg3 21. hxg3 Ne6 22. Nce2 Nxf4 23. Nxf4 Re4 24. Re1 Bxd4 25. Rxe4 dxe4 26. Re1 f5 27. Rd1 Bf6 28. b4 a5 29. b5 Kf7 30. Rb1 Bd7 31. bxc6 Bxc6 32. Rd1 Rd8 33. Nd5 Bxd5 34. Rxd5 Ke6 35. Rd2 Be5 36. f4 Bxd6 0-1

[Event "Chania Theodorakis Memorial 1st"]
[Site "Chania"]
[Date "2022.04.28"]
[Round "6"]
[White "Alexakis, Dimitrios"]
[Black "Antonioudakis, Georgios"]
[Result "0-1"]
[WhiteElo "2084"]
[BlackElo "1864"]
[PlyCount "66"]
[EventDate "2022.04.25"]
[EventType "swiss"]
[EventRounds "9"]
[EventCountry "GRE"]
[SourceTitle "CBM 208 Extra"]
[Source "ChessBase"]
[SourceDate "2022.07.31"]
[SourceVersion "1"]
[SourceVersionDate "2022.07.31"]
[SourceQuality "1"]

1. e4 c5 2. Nf3 d6 3. d4 cxd4 4. Nxd4 Nf6 5. Nc3 a6 6. Bg5 e6 7. f4 h6 8. Bh4 Qb6 9. Qd2 Qxb2 10. Rb1 Qa3 11. Be2 Be7 12. 0-0 Nbd7 13. Kh1 Nc5 14. Bd3 Nfxe4 15. Nxe4 Nxe4 16. Bxe4 Bxh4 17. Bxb7 Bxb7 18. Rxb7 0-0 19. f5 Bg5 20. Qe2 e5 21. Nc6 Rac8 22. Qc4 Bf6 23. Rfb1 Qe3 24. R7b3 Qc5 25. Qxc5 dxc5 26. Rb6 e4 27. Kg1 Rfe8 28. Kf2 e3+ 29. Ke2 Rc7 30. Rxa6 Rd7 31. Kf3 Rd2 32. Re1 Rf2+ 33. Kg3 Rxc2 0-1

[Event "Chania Theodorakis Memorial 1st"]
[Site "Chania"]
[Date "2022.04.26"]
[Round "2"]
[White "Larkin, Vladislav"]
[Black "Antonioudakis, Georgios"]
[Result "1-0"]
[WhiteElo "2424"]
[BlackElo "1864"]
[PlyCount "47"]
[EventDate "2022.04.25"]
[EventType "swiss"]
[EventRounds "9"]
[EventCountry "GRE"]
[SourceTitle "CBM 208 Extra"]
[Source "ChessBase"]
[SourceDate "2022.07.31"]
[SourceVersion "1"]
[SourceVersionDate "2022.07.31"]
[SourceQuality "1"]

1. c4 Nf6 2. Nc3 c5 3. g3 Nc6 4. Bg2 g6 5. e3 Bg7 6. Nge2 0-0 7. d4 cxd4 8. exd4 d6 9. h3 Bd7 10. Be3 Rc8 11. Rc1 a6 12. b3 Na5 13. 0-0 b6 14. Qd2 Re8 15. d5 b5 16. cxb5 axb5 17. Nd4 b4 18. Ncb5 Qb6 19. Qxb4 Nxd5 20. Bxd5 Bxd4 21. Qxd4 Qxb5 22. Bh6 e5 23. Qh4 Rxc1 24. Rxc1 1-0